000 01764nam0a2200373 4500
001 RU\NLR\BIBL_A\022367690
005 20260420020654.0
010 _a978-5-86443-460-4
_9500
021 _aRU
_bКН-П-24-055456
_9КН-П-24-5523
035 _a(NLR Aleph) 022367690
090 _a13668741
_c13668741
100 _a20241030d2024 k y0rusy50 ca
101 0 _arus
_deng
102 _aRU
105 _aab z 000yy
181 0 _ai
_bxxxe
182 0 _an
200 1 _aЦивилизация Восточной Европы (цивилизация Оси)
_eмонография
_fБаранов Сергей Дмитриевич
_gРоссийский научно-исследовательский институт культурного и природного наследия им. Д. С. Лихачёва (Институт Наследия)
203 _aТекст
_bвизуальный
_cнепосредственный
210 _aМосква
_cИнститут Наследия
_d2024
215 _a577 с.
_cил., цв. ил., табл., карты
_d24
300 _aРез англ.
301 _aDOI 10.34685/t6525-0373-3517-i
320 _aБиблиогр.: с. 517–538 и в подстроч. примеч.
607 _aВосточноевропейские страны
_xИстория
_92249608
_3RU\NLR\AUTH\661349437
607 _aРоссия
_xИстория
_91554184
_3RU\NLR\AUTH\66979780
686 1 _aТ3(45)0,02
686 1 _aТ3(2)0,02
686 1 _aС550.2
700 1 _7ca
_8rus
_aБаранов
_bС. Д.
_cканд. социол. наук
_f1967-
_gСергей Дмитриевич
_9221495
_3RU\NLR\AUTH\770221551
942 _cBOOK
980 _aNB